Science Quiz

Random Science Quiz

GI and GU microbiology - Humble style Quiz Stats

Quiz not verified by Sporcle

Also try: Easy Algebra
Challenge
Share
Tweet
Embed
Score 0/25 Timer 10:00
0 Plays Today
Clinical picture Answer % Correct
With which antibiotic would you treat Clostridium difficleMetronidazole
69.2%
With which antibiotic would you treat Uncomplicated cystitis in a female adultTrimethoprim
61.5%
Crampy abdominal pain, fever and diarrhoea for 7 days. History of eating poorly cooked chickenCampylobacter
55.8%
After a week-long camping trip, this patient develop profuse watery diarrhoea , as well as abdominal cramps, bloating and flatulence. After several days, the stools become greasy aGiardia
53.8%
With which antibiotic would you treat GiardiaMetronidazole
50%
Yersinia enterocolitica in childrenCotrimoxazole
46.2%
With twhich antibiotic would you treat Shigella in adultsCiprofloxacin
46.2%
A 7yr old has developed severe profuse diarrhoea, nausea, vomiting and abdominal cramps 1 week after visting Kilbirne pool on a class tripCryptosporidium
46.2%
How would you treat Campylobacter jejuniCiprofloxacin
44.2%
With which antibiotic would you treat Shigella in childrenCotrimoxazole
44.2%
Yersinia enterocolitica in adultsCiprofloxacin
42.3%
A 4 yr old child at a day care centre has has 3 days of nausea and vomiting and fever, and has now developed profuse watery diarrhoea.Rotavirus
42.3%
4 day history of nausea & vomiting, non-bloody diarrhoea and abdo pain. Has a pet iguana. Salmonella
40.4%
Clinical picture Answer % Correct
A fever, cramping abdominal pain and diarrhoea, which was at first non-bloody but became bloody and mucoidShigella
40.4%
A patient with HIV has had a 3 month history of chronic foul smelling diarrhoea, and has lost 5kg in weightCryptosporidium
40.4%
With which antibiotic would you treat PyelonephritisGentamicin
40.4%
7 days after eating undercooked ground beef, this patient developed severe profuse bloody diarrhoea and severe profuse abdominal crampingE Coli
38.5%
An adult with acute onset of fever, vomiting and right lower quadrant painYersinia
36.5%
An 89yr old lady living at a rest home has developed abdominal cramps, nausea and diarrhoeaNorovirus
34.6%
With which antibiotic would you treat Complicated cystitis in an adultNitrofurantoin
34.6%
After a course of amoxycillin and clindamycin, this patient developed profuse diarrhoea and abdominal crampingClostridium difficle
32.7%
How would you treat Cryptosporidium?Supportive
30.8%
With which antibiotic would you treat Cystitis in a childGentamicin
28.8%
A child with 2 week history of nausea, vomiting, fever and bloody diarrhoea. There is a different presentation in adultsYersinia
26.9%
How would you treat Salmonella (non-typhus)Supportive treatment
21.2%

You're not logged in!

Compare scores with friends on all Sporcle quizzes.
Sign Up with Email
OR
Log In

You Might Also Like...

Show Comments

Extras

Top Quizzes Today


Score Distribution

Your Account Isn't Verified!

In order to create a playlist on Sporcle, you need to verify the email address you used during registration. Go to your Sporcle Settings to finish the process.